Monumentos históricos de Cuernavaca / (Registro nro. 13426)
[ vista simple ]
| 000 -LEADER | |
|---|---|
| fixed length control field | 01382cam a2200349 i 4500 |
| 001 - CONTROL NUMBER | |
| control field | 13426 |
| 003 - CONTROL NUMBER IDENTIFIER | |
| control field | Mx-PuUPA |
| 005 - DATE AND TIME OF LATEST TRANSACTION | |
| control field | 20260515101802.0 |
| 008 - FIXED-LENGTH DATA ELEMENTS--GENERAL INFORMATION | |
| fixed length control field | 140415s2015 mx a gr 000 0 spa d |
| 020 ## - INTERNATIONAL STANDARD BOOK NUMBER | |
| Terms of availability | En trámite |
| 040 ## - CATALOGING SOURCE | |
| Transcribing agency | Mx-PuUPA |
| Original cataloging agency | Mx-PuUPA |
| Language of cataloging | spa |
| Modifying agency | Mx-PuUPA |
| Description conventions | rda |
| 041 0# - LANGUAGE CODE | |
| Language code of text/sound track or separate title | spa |
| 043 ## - GEOGRAPHIC AREA CODE | |
| Source of local code | mx-mxbn |
| Local GAC code | n-mx-mo |
| 100 1# - MAIN ENTRY--PERSONAL NAME | |
| Personal name | Siller Camacho, Juan Antonio, |
| 9 (RLIN) | 9419 |
| Relator term | autor |
| 245 10 - TITLE STATEMENT | |
| Title | Monumentos históricos de Cuernavaca / |
| Statement of responsibility, etc. | Juan Antonio Siller Camacho, Adalberto Ríos Szalay |
| 250 ## - EDITION STATEMENT | |
| Edition statement | Primera edición |
| 264 #3 - PRODUCTION, PUBLICATION, DISTRIBUTION, MANUFACTURE, AND COPYRIGHT NOTICE | |
| Place of production, publication, distribution, manufacture | México, D.F. : |
| Name of producer, publisher, distributor, manufacturer | PorrúaPrint, |
| Date of production, publication, distribution, manufacture, or copyright notice | 2015 |
| 300 ## - PHYSICAL DESCRIPTION | |
| Extent | 68 páginas : |
| Other physical details | ilustraciones, fotografías (a color) ; |
| Dimensions | 22 cm |
| 336 ## - CONTENT TYPE | |
| Fuente | rdacontent |
| Content type term | texto |
| Content type code | txt |
| 337 ## - MEDIA TYPE | |
| Source | rdamedia |
| Media type term | sin medio |
| Media type code | n |
| 338 ## - CARRIER TYPE | |
| Source | rdacarrier |
| Carrier type term | volumen |
| Carrier type code | nc |
| 490 0# - SERIES STATEMENT | |
| Series statement | Colección Patrimonio Cuauhnáhuac |
| 650 #7 - SUBJECT ADDED ENTRY--TOPICAL TERM | |
| Source of heading or term | armarc |
| Topical term or geographic name entry element | Arte |
| General subdivision | Arquitectura |
| Geographic subdivision | México |
| -- | Morelos (Estado) |
| Form subdivision | Libros ilustrados |
| 650 #7 - SUBJECT ADDED ENTRY--TOPICAL TERM | |
| Source of heading or term | armarc |
| Topical term or geographic name entry element | Monumentos |
| Geographic subdivision | México |
| -- | Cuernavaca |
| Form subdivision | Obras ilustradas |
| 650 #7 - SUBJECT ADDED ENTRY--TOPICAL TERM | |
| Source of heading or term | armarc |
| Topical term or geographic name entry element | Arquitectura |
| Geographic subdivision | México |
| -- | Morelos (Estado) |
| Form subdivision | Obras ilustradas |
| 650 #7 - SUBJECT ADDED ENTRY--TOPICAL TERM | |
| Source of heading or term | armarc |
| Topical term or geographic name entry element | Historia |
| Geographic subdivision | México |
| -- | Cuernavaca |
| 700 1# - ADDED ENTRY--PERSONAL NAME | |
| Personal name | Ríos Szalay, Adalberto, |
| Relator term | autor |
| 9 (RLIN) | 2782 |
| 942 ## - ADDED ENTRY ELEMENTS (KOHA) | |
| Source of classification or shelving scheme | Dewey Decimal Classification |
| Koha item type | Libro |
| Classification part | 725.94097249 |
| Item part | S58 |
| Withdrawn status | Lost status | Source of classification or shelving scheme | Damaged status | Not for loan | Collection code | Home library | Current library | Shelving location | Date acquired | Source of acquisition | Cost, normal purchase price | Total Checkouts | Full call number | Barcode | Cost, replacement price | Price effective from | Koha item type |
|---|---|---|---|---|---|---|---|---|---|---|---|---|---|---|---|---|---|
| Dewey Decimal Classification | General | Biblioteca Karol Wojtyla | Biblioteca Karol Wojtyla | Sala general | 03/12/2013 | Donación | 0.00 | 725.94097249 S58 2015 | 046568 | 0.00 | 03/12/2013 | Libro |